000 00454nab a2200145Ia 4500
003 ES-SlBCS
005 20210601143327.0
008 140529s1982 xxu||||| |||| 00| 0 spa d
041 _aspa
100 1 _aBuela, Alberto
_927571
245 0 0 _aVigencia de la cosmovisión greco-romana en el mundo contemporáneo
_c Alberto Buela
650 0 4 _aMundo Contemporáneo
_9155656
773 0 _tMikael
_gvol. 10, nº. 28, 1982, págs. 127-132
_wRev1289
942 _cAR
999 _c690608
_d690608